UM Logo

How Ted Cruz is winning the GOP race-on the ground/ (Record no. 8276)

MARC details
000 -LEADER
fixed length control field 00473nam a2200133 4500
008 - FIXED-LENGTH DATA ELEMENTS--GENERAL INFORMATION
fixed length control field 180112b xxu||||| |||| 00| 0 eng d
082 ## - DEWEY DECIMAL CLASSIFICATION NUMBER
Classification number DPer 050 Dec 2015-Mar 2016 T48 v.186-187
100 ## - MAIN ENTRY--PERSONAL NAME
9 (RLIN) 25598
Personal name Elliot, Philip.
245 ## - TITLE STATEMENT
Title How Ted Cruz is winning the GOP race-on the ground/
Statement of responsibility, etc. Philip Elliot.
260 ## - PUBLICATION, DISTRIBUTION, ETC. (IMPRINT)
Place of publication, distribution, etc. New York :
Name of publisher, distributor, etc. Time Inc.,
Date of publication, distribution, etc. ©Dec 2015-Mar 2016.
300 ## - PHYSICAL DESCRIPTION
Extent v186 n27-28, pages 7-8:
Dimensions illustrations;
Other physical details 27 cm.
650 #0 - SUBJECT ADDED ENTRY--TOPICAL TERM
9 (RLIN) 25599
Topical term or geographic name as entry element Politics.
942 ## - ADDED ENTRY ELEMENTS (KOHA)
Source of classification or shelving scheme Dewey Decimal Classification
Koha item type Periodicals
Holdings
Withdrawn status Lost status Source of classification or shelving scheme Damaged status Not for loan Collection code Home library Current library Date acquired Total Checkouts Full call number Date last seen Price effective from Koha item type Public note
    Dewey Decimal Classification     Periodicals UM Digos College - LIC UM Digos College - LIC 01/12/2018   DPer 050 Dec 2015-Mar 2016 T48 v.186-187 01/12/2018 01/12/2018 Periodicals Periodical article